| 000 | 00783nam a22002175i 4500 | ||
|---|---|---|---|
| 001 | 157326 | ||
| 003 | ES-MaACL | ||
| 005 | 20250826005519.0 | ||
| 008 | 990701s1884 fr |||| | fre d | ||
| 040 |
_aCCPB | B _bspa _cCCPB | B |
||
| 100 | 1 |
_aLavollée, René. _9128757 |
|
| 245 | 1 | 4 |
_aLes classes ouvriéres en Europe _b: études sur le situation materielle et morale / _cpar René Lavollée. |
| 250 | _a2ème. éd., rev. et complétée d'apres les documents et les plus récents. | ||
| 260 |
_aParis : _bGuillaumin et C\pie\s, _c1884. |
||
| 300 |
_a2 v. ; _c23 cm. |
||
| 650 | 7 |
_aMovimiento obrero _2embne _915207 |
|
| 650 | 4 |
_aTrabajadores. _917577 |
|
| 752 |
_aFrancia - _dParís |
||
| 852 |
_aES-MaACL _jG-8081-8082 _z-- Enc. tela |
||
| 999 |
_c157326 _d157326 |
||